Ballon d'Or Winners - Sudden Death - Statistics

General Stats
  • This quiz has been taken 15,033 times
    6,042 since last reset
  • The average score is 13 of 34
Answers on the Grid
Answers color-coded by a green-red scale on the quiz's grid according to % correct below.
Rodri
Lionel Messi
Karim Benzema
Luka Modrić
Cristiano Ronaldo
Fabio Cannavaro
Ronaldinho
Andriy Shevchenko
Pavel Nedvěd
Ronaldo
Michael Owen
Luís Figo
Rivaldo
Zinédine Zidane
Matthias Sammer
George Weah
Hristo Stoičkov
Roberto Baggio
Marco van Basten
Jean-Pierre Papin
Lothar Matthäus
Ruud Gullit
Johan Cruyff
Michel Platini
Paolo Rossi
Karl-Heinz Rummenigge
Franz Beckenbauer
Gerd Müller
Gianni Rivera
George Best
Ousmane Dembélé
Eusébio
Lev Yashin
Alfredo Di Stéfano
Jude Bellingham
Vinícius Júnior
Erling Haaland
Kylian Mbappé
Kevin De Bruyne
Robert Lewandowski
Virgil van Dijk
Antoine Griezmann
Neymar
Manuel Neuer
Franck Ribéry
Andrés Iniesta
Xavi
Fernando Torres
Thierry Henry
Gianluigi Buffon
Frank Lampard
Steven Gerrard
Deco
Paolo Maldini
Oliver Kahn
Raúl
David Beckham
Davor Šuker
Alan Shearer
Jürgen Klinsmann
Dennis Bergkamp
Éric Cantona
Dejan Savićević
Salvatore Schillaci
Franco Baresi
Frank Rijkaard
Emilio Butragueño
Gary Lineker
Kenny Dalglish
Dino Zoff
Sandro Mazzola
Gigi Riva
Bobby Moore
Jimmy Greaves
Ferenc Puskás
 
Answer Stats
Answer % Correct
Lionel Messi
55%
Cristiano Ronaldo
54%
Ronaldo
51%
Luka Modrić
50%
Karim Benzema
48%
Rodri
48%
Zinédine Zidane
48%
Ronaldinho
47%
Johan Cruyff
46%
Ousmane Dembélé
46%
Fabio Cannavaro
43%
Michael Owen
43%
Pavel Nedvěd
43%
Luís Figo
41%
Marco van Basten
40%
Andriy Shevchenko
39%
George Weah
39%
Lev Yashin
39%
Michel Platini
38%
Franz Beckenbauer
37%
Rivaldo
35%
Alfredo Di Stéfano
33%
Eusébio
32%
Gerd Müller
31%
George Best
30%
Lothar Matthäus
30%
Ruud Gullit
30%
Roberto Baggio
28%
Hristo Stoičkov
25%
Matthias Sammer
22%
Jean-Pierre Papin
21%
Karl-Heinz Rummenigge
19%
Paolo Rossi
13%
Gianni Rivera
10%
No matching quizzes found
Score Distribution
Percent of People with Each Score
Percentile by Number Answered
Your Score History
You have not taken this quiz since the last reset